Pays les plus proches du Sénégal - Statistiques

Statistiques générales
  • Ce quiz a été pris 276 fois
  • Le résultat moyen est 15 sur 20
Statistiques - réponses
km pays % Correct
0 Mali
97%
0 Mauritanie
95%
0 Guinée
94%
0 Gambie
93%
442 Côte d'Ivoire
90%
1233 Maroc
88%
1317 Algérie
86%
0 Guinée-Bissau
86%
1257 Niger
83%
1340 Bénin
79%
1591 Nigeria
79%
1231 Togo
79%
571 Cabo Verde
75%
658 Burkina Faso
74%
938 Ghana
74%
262 Sierra Leone
71%
452 Liberia
67%
1231 Espagne
30%
1787 Portugal
24%
479 Sahara occidental
19%
Aucun quiz correspondant
Distribution des résultats
% des personnes avec chaque résultat
Percentile par nombre de réponses
Votre historique - résultats
Vous n’avez pas pris ce quiz